000 00427nam a2200157Ia 4500
005 20250329095106.0
008 231217s9999 xx 000 0 und d
020 _a9788178817989
082 _a658.82 SAR;1 R
100 _aSarathy, V Partha ed.
245 0 _aAdvertising agencies : trends and cases
260 _c2005
_bIcfai
_aHyderabad
300 _avii, 190+A10
650 _aAdvertising,agencies,trends
942 _cAA
999 _c188579
_d188579